Belize : Selected Issues.

This Selected Issues paper on Belize reviews the external competitiveness, balance sheet currency mismatch, and public sector debt. Belize is a small, open economy and highly dependent on external trade. Real wages in the private sector have increased only slightly. Belize's exports of commodit...

Fuld beskrivelse

Bibliografiske detaljer
Institution som forfatter: International Monetary Fund
Format: Tidsskrift
Sprog:English
Udgivet: Washington, D.C. : International Monetary Fund, 2005.
Serier:IMF Staff Country Reports; Country Report ; No. 2005/353
Online adgang:Full text available on IMF
LEADER 01565cas a2200241 a 4500
001 AALejournalIMF003821
008 230101c9999 xx r poo 0 0eng d
020 |c 5.00 USD 
020 |z 9781451805529 
022 |a 1934-7685 
040 |a BD-DhAAL  |c BD-DhAAL 
110 2 |a International Monetary Fund. 
245 1 0 |a Belize :   |b Selected Issues. 
264 1 |a Washington, D.C. :  |b International Monetary Fund,  |c 2005. 
300 |a 1 online resource (75 pages) 
490 1 |a IMF Staff Country Reports 
500 |a <strong>Off-Campus Access:</strong> No User ID or Password Required 
500 |a <strong>On-Campus Access:</strong> No User ID or Password Required 
506 |a Electronic access restricted to authorized BRAC University faculty, staff and students 
520 3 |a This Selected Issues paper on Belize reviews the external competitiveness, balance sheet currency mismatch, and public sector debt. Belize is a small, open economy and highly dependent on external trade. Real wages in the private sector have increased only slightly. Belize's exports of commodities grew strongly in volume terms during the last 10 years. The currency mismatch and liquidity pressures point to a growing exchange rate risk. Belize would have to maintain a significant primary fiscal surplus to reduce indebtedness over the medium term. 
538 |a Mode of access: Internet 
830 0 |a IMF Staff Country Reports; Country Report ;  |v No. 2005/353 
856 4 0 |z Full text available on IMF  |u http://elibrary.imf.org/view/journals/002/2005/353/002.2005.issue-353-en.xml  |z IMF e-Library